000 02684nam a2200253Ia 4500
003 CO-CtgCURN
005 20250408213557.0
008 190723s9999 xx 000 0 und d
020 _a9586907074
040 _aCO-CtgCURN
_bspa
_ccoctgcurn
082 _a344.01
_bG639d
100 _aGuerrero Figueroa, Guillermo
_d1934-
245 0 _aDerecho colectivo del trabajo /
_cGuillermo Guerrero Figueroa
250 _a9 edición
260 _aBogotá, Colombia :
_bLeyer,
_c2003
300 _a689 páginas ;
_c24 centímetros
504 _aIncluye referencias bibliográficas
505 _apte. I. El derecho sindical -- Antecedentes historicos -- Fundamento jurídico de la asociacion profesional -- Relaciones del derecho profesional con otros derechos -- Diferentes modalidades del derecho (libertad) sindical -- Casos atentatorios contra la libertad sindical, prohibiciones y sanciones -- Extension, prohibicion y limitacion del derecho sindical -- El derecho de asociacion en los acuerdos internacionales, en la legislacion colombiana y la extranjera y en la doctrina -- El sindicalismo en el campo internacional -- Organizacion Internacional del Trabajo -- El sindicalismo segun los sistemas políticos -- Sindicato o asociacion profesional -- Fundacion, personeria juridica e inscripcion -- Requisitos de constitucion y atributos del sindicato -- Organos de los sindicatos -- Sindicatos de empleados públicos, federaciones y consideraciones -- protección al derecho de asociacion profesional -- Disolucion y liquidacion de las asociaciones profesionales -- pte. II. Derecho de los conflictos laborales -- Conflictos laborales -- Huelga -- Los sujetos y el titular del derecho de huelga -- Fines y justificacion de la huelga -- Clasificacion de la huelga -- La huelga como abuso del derecho -- Efectos jurídicos de la huelga en relacion con el contrato individual del trabajo -- Otras formas de lucha -- El pliego de peticiones -- Procedimientos comunes a todo conflicto colectivo económico en la legislacion colombiana -- Sistemas ensayados para eliminar la huelga en los conflictos colectivos de trabajo -- Del arbitramento en general -- pte. III. Convencion colectiva de trabajo, pacto colectivo y contrato sindical -- Naturaleza juridica de la convencion colectiva de trabajo -- Definicion legal de convencion colectiva -- Duracion d la convencion colectiva, su denuncia, revisión terminacion e incumplimiento -- El contrato sindical.
521 _aAREA PROFESIONAL
590 _aPrograma de Derecho_18
650 _aDerecho laboral
942 _cBK
_h344.01
_iG639d
_02
_2ddc
_n0
999 _c28637
_d28637